000 00630nam a22002057a 4500
003 OSt
005 20131007082134.0
008 131003b xxu||||| |||| 00| 0 eng d
020 _a978-607-05-0178-4
040 _aBMC
_cBMC
082 _a658.11
100 1 _96281
_aVillalobos Ordaz, Gustavo‏
245 1 0 _aEmprendedores
_cGustavo Villalobos Ordaz, Samuel Carman Avendaño, Leobardo Arriaga Segundo
260 _aMéxico, D.F.
_bLimusa
_c2011
300 _a188 p.
_c23 cm
650 2 4 _96296
_aEmprendedores
700 1 _96282
_aCarman Avendaño, Samuel‏
700 1 _96284
_a Arriaga Segundo, Leobardo‏
942 _2ddc
_cBK
999 _c2669
_d2669